Features of personal names of Russian Germans of the Tomsk region; Лингвистические и культурологические аспекты современного инженерного образования

Podrobná bibliografie
Parent link:Лингвистические и культурологические аспекты современного инженерного образования.— 2023.— С. 366-371
Hlavní autor: Щеголихина Ю. В. Юлия Викторовна
Korporativní autor: Национальный исследовательский Томский политехнический университет Школа базовой инженерной подготовки Отделение иностранных языков
Další autoři: Колбышева Ю. В. Юлия Владимировна
Shrnutí:This article studies the anthroponyms of Russian Germans in close correlation with specific families of this ethnic community in biographical discourse. The book «Remember Your Name» served as a factual base. This study also examines anthroponyms of Russian Germans in folk discourse. In the latter case, the study was carried out based on the results of an expedition to the Kozhevnikovsky area of the Tomsk region
Текстовый файл
Jazyk:angličtina
Vydáno: 2023
Témata:
On-line přístup:http://earchive.tpu.ru/handle/11683/77715
Médium: MixedMaterials Elektronický zdroj Kapitola
KOHA link:https://koha.lib.tpu.ru/cgi-bin/koha/opac-detail.pl?biblionumber=671793

MARC

LEADER 00000naa2a2200000 4500
001 671793
005 20240401151025.0
090 |a 671793 
100 |a 20240326d2023 k||y0rusy50 ba 
101 0 |a eng 
102 |a RU 
135 |a drcn ---uucaa 
200 1 |a Features of personal names of Russian Germans of the Tomsk region  |f Ю. В. Щеголихина, Ю. В. Колбышева  |g Национальный исследовательский Томский политехнический университет 
320 |a Литература: с. 370-371 
330 |a This article studies the anthroponyms of Russian Germans in close correlation with specific families of this ethnic community in biographical discourse. The book «Remember Your Name» served as a factual base. This study also examines anthroponyms of Russian Germans in folk discourse. In the latter case, the study was carried out based on the results of an expedition to the Kozhevnikovsky area of the Tomsk region 
336 |a Текстовый файл 
463 0 |0 670679  |t Лингвистические и культурологические аспекты современного инженерного образования  |o сборник тезисов IV Международной научно-практической конференции «Лингвистические и культурологические аспекты современного инженерного образования» памяти кандидата педагогических наук, доцента Н.А. Качалова, Томск, 15-17 ноября 2023 г.  |f Национальный исследовательский Томский политехнический университет (ТПУ); гл. ред. Ю. В. Кобенко  |v С. 366-371  |d 2023  |9 670679  |a Кобенко, Ю. В. (лингвист ; 1977-)  |c Томск  |n Изд-во ТПУ  |p 1 файл (8,48 Мб, 380 с.)  |u conference_tpu-2023-C85_V1.pdf 
610 1 |a электронный ресурс 
610 1 |a труды учёных ТПУ 
610 1 |a anthroponyms 
610 1 |a personal name 
610 1 |a national characteristics 
610 1 |a Russian Germans 
610 1 |a German linguistic culture 
610 1 |a ethnic group 
700 1 |a Щеголихина  |b Ю. В.  |c лингвист  |c преподаватель Томского политехнического университета  |f 1984-  |g Юлия Викторовна  |9 17066 
701 1 |a Колбышева  |b Ю. В.  |c лингвист  |c доцент Томского политехнического университета, кандидат филологических наук  |f 1978-  |g Юлия Владимировна  |9 13857 
712 0 2 |a Национальный исследовательский Томский политехнический университет  |b Школа базовой инженерной подготовки  |b Отделение иностранных языков  |3 (RuTPU)RU\TPU\col\23510  |9 28326 
801 2 |a RU  |b 63413507  |c 20240326  |g RCR 
856 4 |u http://earchive.tpu.ru/handle/11683/77715  |z http://earchive.tpu.ru/handle/11683/77715 
942 |c CF